000 00580nam a2200181Ia 4500
001 20701
005 20260306172825.0
008 260306t2019||||xx |||||||||||||| ||spa||
041 _aESP
082 _a343.6L
_bM86C
100 _aMorante Guerrero, Luis Eduardo
_eAUT
245 0 _aContrataciones del Estado:
_btexto único ordenado de la Ley Nº 30225, Ley de Contrataciones del Estado y su nuevo reglamento aprobado por el Decreto Supremo Nº 344-2018
260 _c2019
300 _a770 páginas :
_c25 cm.
650 _aGEN
654 _aCDE
942 _cLIB
_dJUS
_fJUS
_2ddc
_n
999 _c20701
_d20701